The card.

Bibliographic Details
Main Author: Kidgell, John, 1722-
Format: Book
Language:English
Published: New York : Garland Pub., 1974.
Series:Flowering of the novel.

MARC

Tag First Indicator Second Indicator Subfields
LEADER 00000cam a2200000 4500
001 in00000042877
005 20151007064914.0
008 740822r19741755nyuc 00101 eng
010 |a  74018297  
020 |a 0824011422 
035 |a (OCoLC)01046097 
035 |9 AAE0868AM 
040 |a DLC  |c DLC  |d OCL  |d TXA  |d UtOrBLW 
049 |a TXAM  |c [1383489] 
050 0 0 |a PZ3.K538  |b Car30  |a PR3539.K27 
082 0 |a 823/.6 
100 1 |a Kidgell, John,  |d 1722- 
245 1 4 |a The card. 
264 1 |a New York :  |b Garland Pub.,  |c 1974. 
300 |a xvi, 264, 306 pages :  |b portrait ;  |c 18 cm. 
336 |a text  |b txt  |2 rdacontent 
337 |a unmediated  |b n  |2 rdamedia 
338 |a volume  |b nc  |2 rdacarrier 
490 1 |a The Flowering of the novel 
500 |a Reprint of the 1755 edition printed for the maker, and sold by J. Newbery, London. 
830 0 |a Flowering of the novel. 
999 |a MARS 
999 f f |s 0c0741dd-0c07-3c81-9082-61b0a2182770  |i 77d8558d-63cf-32b8-b1a4-2d15b2feb52e  |t 0 
952 f f |p ric  |a Texas A&M University  |b Rellis Campus  |c Joint Library Facility  |d Remote Storage  |t 0  |e PZ3.K538 Car30  |h Library of Congress classification  |i unmediated -- volume  |m A14804248160 
998 f f |a PZ3.K538 Car30  |t 0  |l Remote Storage